A végelszámolás és a felszámolási eljárás
Elmentve itt :
| Szerző: | |
|---|---|
| További közreműködők: | |
| Dokumentumtípus: | Szakdolgozat |
| Megjelent: |
2000
|
| Tárgyszavak: | |
| Online Access: | http://diploma.bibl.u-szeged.hu/25820 |
| LEADER | 00548nta a2200157 i 4500 | ||
|---|---|---|---|
| 001 | dipl25820 | ||
| 005 | 20130314083713.0 | ||
| 008 | 110907s2000 hu om 0|| zxx d | ||
| 040 | |a SZTE Diploma Repozitórium |b hun | ||
| 041 | |a zxx | ||
| 100 | 1 | |a Terdik Edda | |
| 245 | 1 | 2 | |a A végelszámolás és a felszámolási eljárás |h [elektronikus dokumentum] / |c Edda Terdik |
| 260 | |c 2000 | ||
| 650 | 4 | |a Jogi és igazgatási tanulmányok | |
| 700 | 1 | |a Farkas Csaba |e ths | |
| 856 | 4 | 0 | |u http://diploma.bibl.u-szeged.hu/id/eprint/25820/1/2000_terdik_edda.pdf |z Dokumentum-elérés |